000 00896nam a2200265 i 4500
001 8927
003 KOSZ 005
005 20200630132819.0
008 070715s1970 pl a f f 000 0 pol
015 _aPB 1970/565
040 _aWA N
_cWA N
_dKOSZ 005/RW
041 0 _apol
_ager
080 _a803.0
100 1 _aGuhl, Eryk.
_eAutor
245 1 0 _aJęzyk niemiecki dla lektoratów /
_cEryk Guhl, Tea Rubinow.
260 _aWarszawa :
_bPaństwowe Wydawnictwo Naukowe,
_c1970.
300 _a461, [1] s., [1] k. tabl. :
_bil. ;
_c24 cm.
380 _aKsiążki.
655 4 _aPodręczniki akademickie
650 4 _aJęzyk niemiecki
_xszkoły wyższe
700 1 _aRubinow, Tea.
_eAutor
710 2 _aPaństwowe Wydawnictwo Naukowe
_4pbl.
856 _uhttp://koha.tu.koszalin.pl/cgi-bin/koha/opac-detail.pl?biblionumber=8927
_yKatalog online BPK
942 _2UKD
_cKS
999 _c8927
_d8927